| 000 | 01103nam a22002897a 4500 | ||
|---|---|---|---|
| 003 | dpl | ||
| 005 | 20170124103226.0 | ||
| 008 | 161013b xxu||||| |||| 00| 0 eng d | ||
| 010 | _aB-075262 | ||
| 020 |
_a8170559413 _c500.00 |
||
| 035 | _aB-075262 | ||
| 037 | _bCen Lib / Ret | ||
| 040 |
_aDPL _bHN _cTIT |
||
| 082 |
_a822 _bसिद्धूच |
||
| 100 | _aसिद्धू, चरणदास | ||
| 245 |
_aसम्पूर्ण नाटक / _cचरणदास सिद्धू |
||
| 246 |
_aSampurna natak _bby Charandas Siddhu |
||
| 260 |
_aनयी दिल्ली _bवाणी प्रकाशन _c2002 |
||
| 270 |
_a21-ए, दरियागंज _bनई दिल्ली _e110002 |
||
| 300 |
_av 1. 615 ; v 2. viii, 555 ; v 4. 471 _b24cm(HB) |
||
| 650 |
_aHindi sahitya _930602 |
||
| 650 | _aहिन्दी साहित्य | ||
| 650 | _aहिन्दी साहित्य -- नाटक | ||
| 650 | _aHindi literature | ||
| 650 | _aHindi literature -- novel | ||
| 942 |
_2ddc _cHN _h822 _mसिद्धूच |
||
| 999 |
_c122124 _d122124 |
||